Normal view MARC view
  • Gutiérrez Méndez, Patricia,

Entry Nombre Personal

Number of records used in: 1

001 - NUMERO DE CONTROL

  • campo de control: 42129

003 - IDENTIFICADOR DE NUMERO DE CONTROL

  • campo de control: UPN

005 - FECHA Y HORA DE LA ÜLTIMA TRANSACCIÓN

  • campo de control: 20210219194616.0

008 - DATOS DE LONGITUD FIJA

  • campo de control de longitud fija: nabaccnnaabn|||||||||| b |nc|||||d

035 ## - NUMERO DE CONTROL

  • Número de control: UPN11000014236

040 ## - FUENTE DE CATALOGACIÓN

  • Lenguaje de catalogación: SPA
  • Agencia de transcripción: UPN

053 #4 - NÚMERO DE CLASIFICACIÓN LC

  • Número de clasificación elemento-número único o número inicial de tramo: PQ7797 G8.7

100 1# - ENCABEZAMIENTO - NOMBRE PERSONAL

  • Nombre personal: Gutiérrez Méndez, Patricia,
  • Fechas asociadas con el nombre: 1973-

670 ## - FUENTE EN LA QUE SE LOCALIZARON DATOS

  • Cita de la fuente: T
  • Uniform Resource Identifier: https://www.escritores.org/libros/index.php/item/patricia-gutierrez-mendez

680 ## - NOTA PUBLICA DE ACCESO PÚBLICO

  • Frase explicativa de la referencia: Buenos Aires. Lic. en Relaciones Internacionales por la Universidad del Salvador. En 2009 comenzó a escribir libros infantiles y juveniles. Su especialidad es la historia argentina y la novela histórica

902 ## - CATALOGADOR

  • Catalogador: EMR/170119